[Event "POLFINAL MISTRZOSTW POLSKI JUNIOROW 2016 - C11"]
[Site "Centrum Kongresow i Rekreacji Orle Gniazdo ul. Wrzosowa 28a, Szczyrk"]
[Date "1899-12-30"]
[Round "1.1"]
[White "Grodzicki, Piotr"]
[Black "Bogusz, Alan"]
[Result "0-1"]
[WhiteTitle "II"]
[BlackTitle "II"]
[WhiteElo "1199"]
[BlackElo "1476"]

1. e4 c5 2. Nc3 d6 3. Bc4 g6 4. d3 Bg7 5. f4 Nc6 6. Nf3 Nf6 7. O-O O-O 8. a3 Nd4
9. Nxd4 cxd4 10. Ne2 Bg4 11. Qe1 d5 12. exd5 Nxd5 13. Ng3 Nb6 14. Bb3 Bf5 15.
Ne4 Rc8 16. Bd2 Qd7 17. Bb4 Nd5 18. Bd2 Rc7 19. Qh4 Nf6 20. Ng3 Ng4 21. Nxf5 Qxf5
22. Qg5 e6 23. Qxf5 gxf5 24. Rf3 Nf6 25. Raf1 b6 26. Rg3 Kh8 27. Rh3 h6 28. Be1
Kh7 29. Rff3 Rg8 30. Bh4 Ng4 31. Bf2 Bf6 32. Rh5 Kg6 33. Rhh3 Kh7 34. Kh1 b5 35.
Bg1 a5 36. a4 bxa4 37. Bxa4 Rb7 38. Bb3 Rb4 39. Rf1 a4 40. Bc4 Rxb2 41. Rc1 Rgb8
42. Rf3 Rb1 43. Rff1 Rxc1 44. Rxc1 Rb2 45. h3 Ne3 46. Bxe3 dxe3 47. c3 Bxc3 48.
Kh2 e2 0-1

[Event "POLFINAL MISTRZOSTW POLSKI JUNIOROW 2016 - C11"]
[Site "Centrum Kongresow i Rekreacji Orle Gniazdo ul. Wrzosowa 28a, Szczyrk"]
[Date "1899-12-30"]
[Round "1.2"]
[White "Wieczorek, Mikolaj"]
[Black "Mocko, Maciej"]
[Result "0-1"]
[WhiteTitle "II"]
[BlackTitle "II"]
[WhiteElo "1458"]
[BlackElo "1195"]

1. e4 c5 2. Nf3 d6 3. d4 cxd4 4. Nxd4 Nf6 5. Nc3 g6 6. Be3 Bg7 7. f3 O-O 8. Qd2
Bd7 9. O-O-O Nc6 10. g4 Rc8 11. h4 a5 12. h5 Ne5 13. hxg6 fxg6 14. Bh6 Rf7 15.
Bxg7 Rxg7 16. Be2 Qb6 17. Rdg1 Nc4 18. Bxc4+ Rxc4 19. Nb3 a4 20. g5 axb3 21. gxf6
bxa2 22. Nxa2 Rd4 23. Qg5 exf6 24. Qxf6 Ra4 25. Nc3 Ra1+ 26. Nb1 Qe3+ 0-1

[Event "POLFINAL MISTRZOSTW POLSKI JUNIOROW 2016 - C11"]
[Site "Centrum Kongresow i Rekreacji Orle Gniazdo ul. Wrzosowa 28a, Szczyrk"]
[Date "1899-12-30"]
[Round "1.3"]
[White "Marcinkowski, Jan"]
[Black "Kietrys, Maciej"]
[Result "1/2-1/2"]
[WhiteTitle "II"]
[BlackTitle "II"]
[WhiteElo "1194"]
[BlackElo "1438"]

1. e4 e5 2. Nf3 Nc6 3. Bc4 Bc5 4. c3 Nf6 5. d4 exd4 6. cxd4 Bb4+ 7. Bd2 Bxd2+ 8.
Nbxd2 d5 9. exd5 Nxd5 10. Qb3 Nce7 11. O-O O-O 12. Rfe1 c6 13. Rac1 Qb6 14. Qxb6
axb6 15. a3 h6 16. Ne4 Be6 17. Bxd5 Nxd5 18. Ne5 Rfd8 19. Nd2 Nf6 20. Ndf3 Bd5
21. Nd2 Be6 22. Ndf3 Re8 23. Nc4 Bxc4 24. Rxc4 Rxe1+ 25. Nxe1 Re8 26. Nf3 Re2
27. Rb4 Nd5 28. Rb3 Kf8 29. Kf1 Rc2 30. Ne5 Ke7 31. Nd3 Rc4 32. Nb4 Nxb4 33. Rxb4
b5 34. b3 Rxb4 35. axb4 Kd6 36. Ke2 Kd5 37. Ke3 g6 38. g3 f6 39. h3 f5 40. h4
g5 41. f3 b6 42. h5 c5 43. dxc5 bxc5 44. bxc5 Kxc5 45. Kd3 Kd5 46. Ke3 g4 47.
f4 b4 48. Kd3 1/2-1/2

[Event "POLFINAL MISTRZOSTW POLSKI JUNIOROW 2016 - C11"]
[Site "Centrum Kongresow i Rekreacji Orle Gniazdo ul. Wrzosowa 28a, Szczyrk"]
[Date "1899-12-30"]
[Round "1.4"]
[White "Jeda, Maciej"]
[Black "Rainer, Piotr"]
[Result "1-0"]
[WhiteTitle "II"]
[BlackTitle "III"]
[WhiteElo "1312"]
[BlackElo "1184"]

1. e4 c5 2. Nf3 Nc6 3. d4 cxd4 4. Nxd4 e5 5. Nxc6 bxc6 6. Bc4 Nf6 7. Nc3 Be7 8.
O-O O-O 9. Re1 d6 10. h3 Rb8 11. Kh1 Qc7 12. f4 exf4 13. Bxf4 Rxb2 14. Bb3 Qa5
15. Na4 Nh5 16. Nxb2 Nxf4 17. Qf3 Ng6 18. Nc4 Qg5 19. Re3 Nh4 20. Qg3 Qh6 21.
Rf1 Bg5 22. Rd3 d5 23. exd5 Bf5 24. Rdd1 Be4 25. Rf2 Qh5 26. Rdf1 Qh6 27. dxc6
Bxc6 28. Ne5 1-0

[Event "POLFINAL MISTRZOSTW POLSKI JUNIOROW 2016 - C11"]
[Site "Centrum Kongresow i Rekreacji Orle Gniazdo ul. Wrzosowa 28a, Szczyrk"]
[Date "1899-12-30"]
[Round "1.5"]
[White "Martyniak, Milosz"]
[Black "Kossowski, Pawel"]
[Result "1/2-1/2"]
[WhiteTitle "II"]
[BlackTitle "II"]
[WhiteElo "1178"]
[BlackElo "1273"]

1. d4 d5 2. c4 e6 3. cxd5 exd5 4. Nc3 c6 5. Qc2 Nf6 6. Bg5 Be7 7. e3 Be6 8. Bd3
Nbd7 9. Nf3 h6 10. Bh4 O-O 11. O-O Qc7 12. Rac1 a6 13. Ne2 Bd6 14. Bg3 Rfe8 15.
Rfe1 Rad8 16. b4 Bg4 17. Bxd6 Qxd6 18. Nd2 Rb8 19. a3 Re7 20. Ng3 Rbe8 21. Bf5
Qc7 22. Nb3 Bxf5 23. Nxf5 Re6 24. Nc5 Nxc5 25. bxc5 Ng4 26. Nd6 Rb8 27. h3 Nf6
28. Nf5 Ne4 29. Nh4 Qa5 30. Qb2 Nd2 31. Qb4 Qxb4 32. axb4 Ne4 33. f3 Nd2 34. Re2
Nc4 35. e4 Rbe8 36. e5 Na3 37. Rc3 Nb5 38. Rd3 Ra8 39. Nf5 Kh7 40. Nd6 Nxd6 41.
cxd6 Rd8 42. f4 Kg8 43. f5 Ree8 44. Rde3 Kf8 45. g4 g6 46. fxg6 fxg6 47. Rf2+
Kg7 48. e6 Rxd6 49. Rf7+ Kg8 50. Rf6 Kg7 51. Rf7+ Kg8 52. Rf6 Re7 53. Rxg6+ Kh7
54. Rf6 Kg7 55. Rf7+ Rxf7 56. e7 Rxe7 57. Rxe7+ Kf6 58. Rxb7 Kg5 59. Kg2 Kf4 60.
Re7 Rg6 61. Re5 Rd6 62. Kf2 Rg6 63. Kg2 Rd6 64. Kf2 Rg6 65. Ke2 Kg3 66. Kf2+ Kf4
1/2-1/2

[Event "POLFINAL MISTRZOSTW POLSKI JUNIOROW 2016 - C11"]
[Site "Centrum Kongresow i Rekreacji Orle Gniazdo ul. Wrzosowa 28a, Szczyrk"]
[Date "1899-12-30"]
[Round "1.6"]
[White "Czernecki, Andrzej"]
[Black "Zyhalko, Konrad"]
[Result "1-0"]
[WhiteTitle "II"]
[BlackTitle "III"]
[WhiteElo "1266"]
[BlackElo "1173"]

1. e4 c5 2. Nf3 d6 3. d4 cxd4 4. Nxd4 Nf6 5. Nc3 Nc6 6. f3 g6 7. Be3 Bg7 8. Qd2
O-O 9. O-O-O Bd7 10. g4 Ne5 11. Be2 Rc8 12. h4 h5 13. gxh5 Nxh5 14. Rdg1 a6 15.
Bh6 Bxh6 16. Qxh6 Rxc3 17. bxc3 Qa5 18. f4 Ng4 19. Bxg4 Bxg4 20. Rxg4 Qxc3 21.
Rxg6+ fxg6 22. Qxg6+ Ng7 23. Ne6 Rf7 24. Rg1 Qe3+ 25. Kb1 Qb6+ 26. Ka1 Qe3 27.
Qg3 Qxg3 28. Rxg3 Kh7 29. Ng5+ Kg6 30. Nxf7+ Kxf7 31. Kb2 Nh5 32. Rf3 Ke6 33.
Kc3 d5 34. exd5+ Kxd5 35. Kd3 b5 36. c3 a5 37. a3 a4 38. Rf1 Kc5 39. f5 Ng3 40.
Rf3 Nh5 41. f6 Nxf6 42. Rxf6 Kd5 43. Ke4+ 1-0

[Event "POLFINAL MISTRZOSTW POLSKI JUNIOROW 2016 - C11"]
[Site "Centrum Kongresow i Rekreacji Orle Gniazdo ul. Wrzosowa 28a, Szczyrk"]
[Date "1899-12-30"]
[Round "1.7"]
[White "Karut, Kacper"]
[Black "Wasik, Mateusz"]
[Result "1-0"]
[WhiteTitle "II"]
[BlackTitle "II"]
[WhiteElo "1170"]
[BlackElo "1263"]

1. e4 c5 2. Nf3 d6 3. d4 cxd4 4. Nxd4 Nf6 5. Nc3 a6 6. Bg5 e6 7. Qd2 h6 8. Be3
Be7 9. f3 Nbd7 10. O-O-O Qc7 11. g4 g5 12. h4 gxh4 13. Bxh6 b5 14. g5 Ng8 15.
Rxh4 Qd8 16. f4 Bb7 17. Bd3 Ne5 18. fxe5 Nxh6 19. Nf3 d5 20. Rxh6 Rxh6 21. gxh6
b4 22. Ne2 dxe4 23. Bxe4 Qxd2+ 24. Nxd2 O-O-O 25. Bxb7+ Kxb7 26. Nf3 1-0

[Event "POLFINAL MISTRZOSTW POLSKI JUNIOROW 2016 - C11"]
[Site "Centrum Kongresow i Rekreacji Orle Gniazdo ul. Wrzosowa 28a, Szczyrk"]
[Date "1899-12-30"]
[Round "1.8"]
[White "Rybak, Igor"]
[Black "Fudal, Patryk"]
[Result "1-0"]
[WhiteTitle "II"]
[BlackTitle "III"]
[WhiteElo "1254"]
[BlackElo "1161"]

1. e4 c5 2. Nf3 d6 3. d4 cxd4 4. Nxd4 Nf6 5. Nc3 g6 6. f3 Bg7 7. Be3 O-O 8. Qd2
Nc6 9. O-O-O Be6 10. Nxe6 fxe6 11. Bc4 Qd7 12. Bh6 a6 13. Bxg7 Kxg7 14. g4 b5
15. Be2 Ne5 16. b3 Rfd8 17. h4 Ne8 18. f4 Nf7 19. h5 Nc7 20. Qd4+ e5 21. fxe5
Ne6 22. Qe3 Rdc8 23. Nd5 Qc6 24. Rd2 Re8 25. exd6 Qxd6 26. Qc3+ Qe5 27. Qxe5+
Nxe5 28. hxg6 hxg6 29. Nb6 Rad8 30. Rhd1 Rxd2 31. Rxd2 Nf4 32. Kd1 Nxe2 33. Kxe2
Nxg4 34. Rd7 a5 35. Ra7 Ne5 36. Rxa5 Nc6 37. Ra8 Rxa8 38. Nxa8 Nb4 39. Nc7 Nxa2
40. Nxb5 Nb4 41. c3 Nc6 42. Nd4 Nxd4+ 43. cxd4 Kf6 44. b4 Ke6 45. Kf3 Kd6 46.
Kf4 e6 47. Kg5 e5 48. d5 Kc7 49. Kxg6 1-0

[Event "POLFINAL MISTRZOSTW POLSKI JUNIOROW 2016 - C11"]
[Site "Centrum Kongresow i Rekreacji Orle Gniazdo ul. Wrzosowa 28a, Szczyrk"]
[Date "1899-12-30"]
[Round "1.9"]
[White "Choina, Jan"]
[Black "Lokaj, Bartlomiej"]
[Result "1-0"]
[WhiteTitle "II"]
[BlackTitle "II"]
[WhiteElo "1099"]
[BlackElo "1249"]

1. e4 e5 2. d4 exd4 3. Nf3 Nc6 4. Bc4 Bb4+ 5. c3 dxc3 6. bxc3 Bc5 7. Bxf7+ Kf8
8. Qd5 Qe7 9. Bxg8 d6 10. Ng5 Qf6 11. O-O Ne7 12. e5 Nxd5 13. exf6 Rxg8 14. f7
Rh8 15. c4 Bd4 16. cxd5 h6 17. Ne6+ Bxe6 18. dxe6 Bxa1 19. Nd2 Be5 20. Nf3 Ke7
21. Nh4 Kf6 22. f4 Bd4+ 23. Kh1 Rh7 24. f5 d5 25. Ng6 Bc5 26. Bb2+ d4 27. h4 h5
28. f8=Q+ Rxf8 29. Nxf8 Bxf8 30. Bxd4+ Ke7 31. Bc5+ Ke8 32. e7 Bxe7 33. Re1 g5
34. f6 b6 35. Rxe7+ Rxe7 36. Bxe7 gxh4 37. Kg1 Kd7 38. Kf2 Ke6 39. Ke3 c5 40.
Kd3 Kf7 41. Kc4 Ke6 42. a3 h3 43. gxh3 h4 44. a4 Kd7 45. Kd5 a6 46. Ke5 c4 47.
Kd4 b5 48. axb5 axb5 49. Ke5 c3 50. Ba3 c2 51. Kf5 b4 52. Bc1 Ke8 53. Kg6 Kd7
54. f7 Kc6 55. f8=Q 1-0

[Event "POLFINAL MISTRZOSTW POLSKI JUNIOROW 2016 - C11"]
[Site "Centrum Kongresow i Rekreacji Orle Gniazdo ul. Wrzosowa 28a, Szczyrk"]
[Date "1899-12-30"]
[Round "1.10"]
[White "Rosenfeld, Noe"]
[Black "Sloniewski, Jakub"]
[Result "1-0"]
[WhiteTitle "II"]
[BlackTitle "II"]
[WhiteElo "1237"]
[BlackElo "1068"]

1. e4 d5 2. exd5 Nf6 3. Nf3 Nxd5 4. Bc4 Bg4 5. h3 Nb6 6. Bxf7+ Kxf7 7. Ne5+ Ke8
8. Qxg4 Qd5 9. d4 e6 10. Nc3 Bb4 11. Bd2 Bxc3 12. Bxc3 Na4 13. Qxg7 Qe4+ 14. Kf1
Rf8 15. Qxc7 Nxc3 16. Qxc3 Nc6 17. Nxc6 Rc8 18. Re1 Qf5 19. Qe3 Rxc6 20. c3 Qb5+
21. Qe2 Qd5 22. Qe5 Qc4+ 23. Kg1 Qxa2 24. Qb8+ Ke7 25. Qxb7+ Kd6 26. Qb4+ Kd5
27. Re5# 1-0

[Event "POLFINAL MISTRZOSTW POLSKI JUNIOROW 2016 - C11"]
[Site "Centrum Kongresow i Rekreacji Orle Gniazdo ul. Wrzosowa 28a, Szczyrk"]
[Date "1899-12-30"]
[Round "1.11"]
[White "Wos, Kacper"]
[Black "Tomkiewicz, Szymon"]
[Result "0-1"]
[WhiteTitle "III"]
[BlackTitle "II"]
[WhiteElo "1060"]
[BlackElo "1234"]

1. e4 d5 2. exd5 Qxd5 3. Nc3 Qa5 4. Bc4 Nf6 5. Nf3 Bg4 6. h3 Bh5 7. d3 c6 8. Bg5
Bxf3 9. Qxf3 Qxg5 10. Ne4 Qe5 11. Rd1 Nbd7 12. O-O O-O-O 13. Rfe1 Qc7 14. Ng5
g6 15. Nxf7 Bg7 16. Nxh8 Rxh8 17. Rxe7 Bf8 18. Qxf6 Nxf6 19. Rxc7+ Kxc7 20. Re1
Bd6 21. Bf7 Rf8 22. Bc4 a5 23. a4 Bc5 24. c3 Nd7 25. d4 Bd6 26. g4 Nb6 27. Bb3
h5 28. c4 Bb4 29. Re2 hxg4 30. hxg4 Rf4 31. c5 Rxg4+ 32. Kf1 Nd7 33. d5 Bxc5 0-1

[Event "POLFINAL MISTRZOSTW POLSKI JUNIOROW 2016 - C11"]
[Site "Centrum Kongresow i Rekreacji Orle Gniazdo ul. Wrzosowa 28a, Szczyrk"]
[Date "1899-12-30"]
[Round "1.12"]
[White "Tomkiewicz, Jakub"]
[Black "Lupinski, Marcel"]
[Result "1-0"]
[WhiteTitle "II"]
[BlackTitle "II"]
[WhiteElo "1232"]
[BlackElo "1054"]

1. c4 e6 2. g3 Nf6 3. Bg2 d5 4. cxd5 exd5 5. d4 Nc6 6. Nc3 h6 7. Bf4 Bd6 8. Bxd5
Nxd5 9. Nxd5 Bxf4 10. Nxf4 Nxd4 11. Nf3 Nxf3+ 12. exf3 O-O 13. O-O Qf6 14. Nd5
Qxb2 15. Nxc7 Bh3 16. Nxa8 Bxf1 17. Qxf1 Rxa8 18. Qb1 Qf6 19. Kg2 Re8 20. Qb5
Re7 21. Rc1 Qe6 22. Qd3 Qg6 23. Qd8+ Kh7 24. Qxe7 Qb6 25. Qxf7 1-0

[Event "POLFINAL MISTRZOSTW POLSKI JUNIOROW 2016 - C11"]
[Site "Centrum Kongresow i Rekreacji Orle Gniazdo ul. Wrzosowa 28a, Szczyrk"]
[Date "1899-12-30"]
[Round "1.13"]
[White "Kotowicz, Kamil"]
[Black "Franc, Piotr"]
[Result "1/2-1/2"]
[WhiteTitle "II"]
[BlackTitle "II"]
[WhiteElo "1045"]
[BlackElo "1230"]

1. d4 Nf6 2. c4 e6 3. Nc3 d5 4. e3 c5 5. cxd5 exd5 6. Nf3 cxd4 7. exd4 Be7 8. Bf4
O-O 9. Bd3 h6 10. O-O Bg4 11. h3 Bh5 12. Be2 a6 13. Nd2 Bxe2 14. Qxe2 Nc6 15.
Nb3 Re8 16. Qd3 Bd6 17. Bxd6 Qxd6 18. Rfe1 Nb4 19. Qd2 Rxe1+ 20. Rxe1 Re8 21.
Rxe8+ Nxe8 22. a3 Nc6 23. Nc5 Na5 24. Qe1 Nc7 25. b4 b6 26. Nxa6 Nxa6 27. bxa5
bxa5 28. Qe8+ Kh7 29. Qa4 Qd8 30. Qb5 Nb8 31. Nxd5 Nd7 32. Nc3 Nf6 33. d5 Qe7
34. Qd3+ g6 35. Ne2 Qd6 36. Kf1 Qxd5 37. Qxd5 Nxd5 38. Nd4 Kg7 39. Nb3 a4 40.
Nc5 Nc3 41. Ke1 Kf6 42. f3 Kf5 43. Kd2 Nb1+ 44. Ke3 Nxa3 45. Nxa4 Nc4+ 46. Kf2
1/2-1/2

[Event "POLFINAL MISTRZOSTW POLSKI JUNIOROW 2016 - C11"]
[Site "Centrum Kongresow i Rekreacji Orle Gniazdo ul. Wrzosowa 28a, Szczyrk"]
[Date "1899-12-30"]
[Round "2.1"]
[White "Bogusz, Alan"]
[Black "Tomkiewicz, Jakub"]
[Result "0-1"]
[WhiteTitle "II"]
[BlackTitle "II"]
[WhiteElo "1476"]
[BlackElo "1232"]

1. e4 e5 2. Nf3 Nc6 3. Bb5 d6 4. d4 exd4 5. Nxd4 Bd7 6. Bxc6 Bxc6 7. Nxc6 bxc6
8. Qf3 Qf6 9. Qxf6 Nxf6 10. O-O Be7 11. Nc3 O-O 12. f3 Rfe8 13. Bg5 h6 14. Bd2
d5 15. e5 Bc5+ 16. Kh1 Rxe5 17. Bf4 Re7 18. Bg3 Nh5 19. Bf2 Bxf2 20. Rxf2 Rae8
21. Kg1 Nf4 22. Kf1 f5 23. Rd1 d4 24. Na4 d3 25. Rfd2 Nd5 26. Kf2 Re2+ 27. Rxe2
Rxe2+ 28. Kg1 dxc2 29. Rc1 Ne3 30. g3 Rd2 31. Nc3 Rd1+ 32. Nxd1 cxd1=Q+ 33. Rxd1
Nxd1 34. b4 Kf7 35. Kf1 Ke6 36. a3 Kd5 37. Ke2 Nc3+ 38. Kd3 Nb1 39. a4 Na3 40.
h4 Nc4 41. Kc3 Ne3 42. Kd3 Nf1 43. g4 fxg4 44. fxg4 Nh2 45. g5 hxg5 46. hxg5 Ng4
47. a5 a6 48. Kc3 Ne5 49. Kb3 Nf3 50. g6 Ne5 0-1

[Event "POLFINAL MISTRZOSTW POLSKI JUNIOROW 2016 - C11"]
[Site "Centrum Kongresow i Rekreacji Orle Gniazdo ul. Wrzosowa 28a, Szczyrk"]
[Date "1899-12-30"]
[Round "2.2"]
[White "Smuda, Tomasz"]
[Black "Jeda, Maciej"]
[Result "0-1"]
[WhiteTitle "III"]
[BlackTitle "II"]
[WhiteElo "1204"]
[BlackElo "1312"]

1. e4 e5 2. Nf3 Nc6 3. d4 exd4 4. Nxd4 Bc5 5. Be3 Qf6 6. c3 Nge7 7. Bc4 d6 8. O-O
Bb6 9. Re1 h5 10. Qd2 Ne5 11. Na3 Qg6 12. Kh1 Ng4 13. Bf4 a6 14. Rad1 Bd7 15.
h3 Qf6 16. hxg4 Qh4+ 17. Kg1 hxg4 18. Kf1 g3 19. fxg3 Qh2 20. Qf2 O-O-O 21. Qg1
Qh5 22. Qe3 Rdg8 23. Qd3 g5 24. Be3 Qg4 25. Kf2 Rf8 26. Qc2 f5 27. Ne6 Bxe6 28.
Bxe6+ Kb8 29. Bxb6 cxb6 30. Ke3 f4+ 31. Kd2 Qxe6 32. gxf4 gxf4 33. Qd3 Rd8 34.
Kc2 Qf7 35. Qe2 Rhe8 36. e5 Nd5 37. Nc4 Qg6+ 38. Qe4 Qxe4+ 39. Rxe4 dxe5 40. Rd2
b5 41. Nxe5 Ne3+ 42. Kc1 Rxd2 43. Kxd2 Rxe5 44. Rxe5 Nc4+ 45. Kd3 Nxe5+ 46. Ke4
Ng6 47. Kf5 Nh4+ 48. Kxf4 Nxg2+ 49. Ke4 Kc7 50. b4 Kd6 51. Kd4 Ne1 52. c4 Nf3+
53. Kc3 bxc4 54. Kxc4 b5+ 55. Kb3 Nd4+ 56. Kc3 Kd5 57. a3 Ke4 58. Kd2 Nf3+ 59.
Kc3 Ke3 60. Kb3 Nd2+ 61. Kc3 Nf3 62. Kb3 Nd4+ 63. Kc3 Ne2+ 64. Kb3 Kd3 65. a4
Nd4+ 66. Ka3 Kc3 67. axb5 axb5 68. Ka2 Kxb4 69. Kb2 Nc6 70. Kc2 Ka3 71. Kb1 Kb3
72. Ka1 Kc2 73. Ka2 b4 74. Ka1 Nd4 75. Ka2 b3+ 76. Ka1 b2+ 77. Ka2 b1=Q+ 0-1

[Event "POLFINAL MISTRZOSTW POLSKI JUNIOROW 2016 - C11"]
[Site "Centrum Kongresow i Rekreacji Orle Gniazdo ul. Wrzosowa 28a, Szczyrk"]
[Date "1899-12-30"]
[Round "2.3"]
[White "Mocko, Maciej"]
[Black "Czernecki, Andrzej"]
[Result "1-0"]
[WhiteTitle "II"]
[BlackTitle "II"]
[WhiteElo "1195"]
[BlackElo "1266"]

1. e4 c5 2. Nf3 d6 3. d4 cxd4 4. Nxd4 Nf6 5. Nc3 Nc6 6. Be3 Ng4 7. Bd2 Nxd4 8.
h3 Nf6 9. Bg5 Nc6 10. Bxf6 gxf6 11. Bb5 Bd7 12. Bc4 e6 13. Qh5 Ne5 14. Bb3 a5
15. a3 a4 16. Ba2 Ra5 17. Qe2 Rg8 18. f4 Ng6 19. g3 Ne7 20. Qe3 Bc6 21. O-O-O
f5 22. e5 Bxh1 23. exd6 Nd5 24. Bxd5 Bxd5 25. Nxd5 Rxd5 26. Rxd5 Rxg3 27. Qe5
Bg7 28. d7+ Kf8 29. Qd6+ Kg8 30. Rc5 Rg1+ 31. Kd2 Bf8 32. Rc8 Rg2+ 33. Ke3 Bxd6
34. Rxd8+ Kg7 35. Rg8+ Kxg8 36. d8=Q+ Bf8 37. Qc8 b6 38. Qa8 Rxc2 39. Qxa4 Rxb2
40. Qd1 Ra2 41. a4 Ra3+ 42. Ke2 Ra2+ 43. Kd3 Ra3+ 44. Kc4 Rxh3 45. Qg1+ Kh8 46.
Qxb6 Rf3 47. Qd4+ Kg8 48. a5 Ra3 49. Kb5 Rb3+ 50. Kc6 Rb4 51. Qxb4 Bxb4 52. a6
Bd2 53. a7 Bxf4 54. a8=Q+ Kg7 55. Qa1+ e5 56. Kd5 h5 57. Qg1+ Kh6 58. Qg8 e4 59.
Qxf7 e3 60. Qf6+ Kh7 61. Qxf5+ Kg7 62. Qxf4 e2 63. Qd4+ Kf7 64. Qf2+ Ke7 65. Qxe2+
1-0

[Event "POLFINAL MISTRZOSTW POLSKI JUNIOROW 2016 - C11"]
[Site "Centrum Kongresow i Rekreacji Orle Gniazdo ul. Wrzosowa 28a, Szczyrk"]
[Date "1899-12-30"]
[Round "2.4"]
[White "Karut, Kacper"]
[Black "Rybak, Igor"]
[Result "0-1"]
[WhiteTitle "II"]
[BlackTitle "II"]
[WhiteElo "1170"]
[BlackElo "1254"]

1. e4 c5 2. Nf3 d6 3. d4 cxd4 4. Nxd4 Nf6 5. Nc3 a6 6. Bg5 Nbd7 7. Qd2 b5 8. O-O-O
Bb7 9. f3 Rc8 10. Be3 e6 11. g4 b4 12. Nce2 d5 13. g5 Nh5 14. exd5 Bxd5 15. b3
Qa5 16. Kb1 Ne5 17. Bg2 g6 18. Rc1 Bg7 19. c3 bxc3 20. Nxc3 Nxf3 21. Bxf3 Bxf3
22. Nxf3 Bxc3 23. Qd6 Qf5+ 24. Rc2 Qxc2+ 25. Kxc2 Bb4+ 26. Kd3 Bxd6 27. Nd4 Nf4+
28. Bxf4 Bxf4 29. h4 e5 30. Ne2 O-O 31. Ke4 Rc2 32. Nxf4 exf4 33. Kxf4 Rxa2 34.
h5 Rb2 35. hxg6 fxg6+ 36. Kg4 Rxb3 37. Ra1 Rb4+ 38. Kg3 Ra8 39. Kf3 a5 40. Ke3
a4 41. Kd3 Rc8 42. Ra3 Rb3+ 43. Rxb3 axb3 0-1

[Event "POLFINAL MISTRZOSTW POLSKI JUNIOROW 2016 - C11"]
[Site "Centrum Kongresow i Rekreacji Orle Gniazdo ul. Wrzosowa 28a, Szczyrk"]
[Date "1899-12-30"]
[Round "2.6"]
[White "Tomkiewicz, Szymon"]
[Black "Choina, Jan"]
[Result "0-1"]
[WhiteTitle "II"]
[BlackTitle "II"]
[WhiteElo "1234"]
[BlackElo "1099"]

1. c4 d6 2. Nc3 Nf6 3. g3 g6 4. Bg2 Bg7 5. e3 c5 6. Nge2 Nc6 7. Rb1 Nb4 8. O-O
Nd3 9. Qc2 Nb4 10. Qd1 Bf5 11. e4 Be6 12. d3 O-O 13. a3 Nc6 14. b4 cxb4 15. axb4
Qd7 16. b5 Nd8 17. Ra1 Bh3 18. Be3 a6 19. Qd2 Bxg2 20. Kxg2 Ng4 21. Ra2 Nxe3+
22. fxe3 Ne6 23. Nd5 Qd8 24. d4 Ng5 25. Qd3 e6 26. Ndc3 h6 27. Rfa1 Qb6 28. bxa6
Rxa6 29. Rb1 Qc7 30. Nb5 Qc6 31. d5 Qd7 32. dxe6 fxe6 33. Rxa6 bxa6 34. Qxd6 Qb7
35. Nbc3 Qa7 36. c5 a5 37. h4 Nf7 38. Qxe6 Qxc5 39. Nd5 Qc2 40. Re1 Kh8 41. Qxg6
Qd2 42. Nf6 Bxf6 43. Qxf6+ Kg8 44. Qf2 Ne5 45. Nf4 Qxf2+ 46. Kxf2 Nd3+ 47. Ke2
Nxe1 48. Kxe1 a4 49. Nd3 a3 50. Nc1 Ra8 51. Ke2 a2 52. Nxa2 Rxa2+ 53. Kf3 Kf7
54. Kg4 Kg6 55. Kf4 Ra3 56. e5 Ra4+ 57. e4 Ra3 58. Kg4 Ra4 59. Kf4 Rb4 60. g4
Rb3 61. h5+ Kf7 62. g5 hxg5+ 63. Kxg5 Ke6 64. h6 Rg3+ 65. Kh5 Kxe5 66. h7 Ke6
67. Kh6 Kf7 68. e5 Rh3+ 69. Kg5 Rxh7 70. Kf5 Rh5+ 71. Kf4 Ke6 72. Kg4 Rxe5 73.
Kf4 Ra5 74. Kg4 Kf6 75. Kf3 Ra4 76. Ke3 Ke5 77. Kd3 Kd5 78. Kc3 Kc5 79. Kb3 Rh4
80. Kc3 Rh3+ 81. Kd2 Kd4 82. Ke2 Ke4 83. Kd2 Rg3 84. Kc2 Kd4 85. Kb2 Kc4 86. Ka2
Kb4 87. Kb1 Rg2 88. Kc1 Kc3 89. Kd1 Kd3 90. Ke1 Ra2 91. Kf1 Ke3 92. Kg1 Kf3 93.
Kh1 Kg3 94. Kg1 Ra1# 0-1

[Event "POLFINAL MISTRZOSTW POLSKI JUNIOROW 2016 - C11"]
[Site "Centrum Kongresow i Rekreacji Orle Gniazdo ul. Wrzosowa 28a, Szczyrk"]
[Date "1899-12-30"]
[Round "2.7"]
[White "Kietrys, Maciej"]
[Black "Skrzypczynski, Kacper"]
[Result "1-0"]
[WhiteTitle "II"]
[BlackTitle "II"]
[WhiteElo "1438"]
[BlackElo "1228"]

1. e4 c5 2. Nc3 Nc6 3. g3 e6 4. Bg2 Be7 5. Nge2 d6 6. O-O Nf6 7. d4 cxd4 8. Nxd4
e5 9. Nde2 Be6 10. f4 O-O 11. f5 Bc4 12. h3 Nd4 13. b3 Qb6 14. Kh2 Nxe2 15. Nxe2
Bxe2 16. Qxe2 Rac8 17. Be3 Qc6 18. c4 b6 19. Bd2 Rfd8 20. g4 Ne8 21. g5 f6 22.
g6 h6 23. Qh5 Bf8 24. Be3 Rc7 25. Qe2 Rdc8 26. Rac1 Qb7 27. Qd3 Qb8 28. Bf3 Qb7
29. Kg3 Rd8 30. Kf2 Re7 31. Qd5+ Qxd5 32. cxd5 Rc7 33. Rxc7 Nxc7 34. Be2 Rb8 35.
Rc1 Rb7 36. Rc6 Be7 37. Bc1 Kf8 38. Ba6 Nxa6 39. Rc8+ Bd8 40. Rxd8+ 1-0

[Event "POLFINAL MISTRZOSTW POLSKI JUNIOROW 2016 - C11"]
[Site "Centrum Kongresow i Rekreacji Orle Gniazdo ul. Wrzosowa 28a, Szczyrk"]
[Date "1899-12-30"]
[Round "2.8"]
[White "Kossowski, Pawel"]
[Black "Kotowicz, Kamil"]
[Result "1-0"]
[WhiteTitle "II"]
[BlackTitle "II"]
[WhiteElo "1273"]
[BlackElo "1045"]

1. e4 e6 2. Nf3 d5 3. Nc3 Nf6 4. e5 Nfd7 5. d4 c5 6. dxc5 Bxc5 7. Bd3 Nc6 8. Bf4
h6 9. Qd2 Bb4 10. a3 Ba5 11. b4 Bc7 12. Qe2 a6 13. O-O b5 14. Rfe1 O-O 15. Rad1
Bb7 16. Qd2 h5 17. Re2 Qc8 18. Rde1 Bd8 19. Bg5 Bxg5 20. Qxg5 Nxb4 21. Qxh5 g6
22. Bxg6 fxg6 23. Qxg6+ Kh8 24. Ng5 1-0

[Event "POLFINAL MISTRZOSTW POLSKI JUNIOROW 2016 - C11"]
[Site "Centrum Kongresow i Rekreacji Orle Gniazdo ul. Wrzosowa 28a, Szczyrk"]
[Date "1899-12-30"]
[Round "2.9"]
[White "Franc, Piotr"]
[Black "Martyniak, Milosz"]
[Result "1-0"]
[WhiteTitle "II"]
[BlackTitle "II"]
[WhiteElo "1230"]
[BlackElo "1178"]

1. e4 e6 2. d4 d5 3. Nc3 Nf6 4. Bg5 Be7 5. e5 Nfd7 6. Bxe7 Qxe7 7. Qd2 O-O 8. f4
c5 9. Nf3 a6 10. dxc5 Nxc5 11. O-O-O Nc6 12. a3 b5 13. Bd3 b4 14. Nb1 bxa3 15.
Nxa3 Qc7 16. Qf2 Nxd3+ 17. Rxd3 Nb4 18. Rb3 Rb8 19. Kb1 Bd7 20. Qd2 a5 21. Nd4
Qc5 22. Rh3 Rb7 23. c3 Na6 24. Qd3 Qxa3 25. Qxh7# 1-0

[Event "POLFINAL MISTRZOSTW POLSKI JUNIOROW 2016 - C11"]
[Site "Centrum Kongresow i Rekreacji Orle Gniazdo ul. Wrzosowa 28a, Szczyrk"]
[Date "1899-12-30"]
[Round "2.11"]
[White "Zyhalko, Konrad"]
[Black "Wieczorek, Mikolaj"]
[Result "0-1"]
[WhiteTitle "III"]
[BlackTitle "II"]
[WhiteElo "1173"]
[BlackElo "1458"]

1. e4 c5 2. Nf3 Nc6 3. d4 cxd4 4. Nxd4 e5 5. Nb5 Nf6 6. N1c3 d6 7. Bg5 a6 8. Na3
b5 9. Nd5 Be7 10. Bxf6 Bxf6 11. c3 Bg5 12. Be2 Rb8 13. Nc2 O-O 14. O-O Be6 15.
Nce3 Ne7 16. Qd3 Bxe3 17. Nxe3 f5 18. exf5 Nxf5 19. Nxf5 Bxf5 20. Qd5+ Kh8 21.
Rad1 Rf6 22. Bd3 Bxd3 23. Rxd3 Qb6 24. h3 Rd8 25. Rd2 g6 26. c4 b4 27. b3 a5 28.
Qb5 Qxb5 29. cxb5 Rb8 30. Rd5 Kg7 31. Rfd1 Rb6 32. f3 Kf7 33. Kf2 Ke6 34. Ke3
Rf8 35. Ke4 g5 36. g3 h6 37. f4 gxf4 38. gxf4 Rxf4+ 39. Ke3 Rh4 40. Kf3 Rxh3+
41. Kg2 Rc3 42. R1d3 Rxd3 43. Rxd3 Rxb5 44. Rh3 Rc5 45. Rxh6+ Kd5 46. Rh2 Rc2+
47. Kg3 Rxh2 48. Kxh2 Kd4 0-1

[Event "POLFINAL MISTRZOSTW POLSKI JUNIOROW 2016 - C11"]
[Site "Centrum Kongresow i Rekreacji Orle Gniazdo ul. Wrzosowa 28a, Szczyrk"]
[Date "1899-12-30"]
[Round "2.12"]
[White "Wasik, Mateusz"]
[Black "Fudal, Patryk"]
[Result "0-1"]
[WhiteTitle "II"]
[BlackTitle "III"]
[WhiteElo "1263"]
[BlackElo "1161"]

1. d4 d5 2. c4 e6 3. Nc3 c6 4. Nf3 Nf6 5. Bg5 Nbd7 6. e3 Be7 7. Rc1 h6 8. Bh4 O-O
9. Bd3 dxc4 10. Bxc4 b5 11. Bd3 b4 12. Bxf6 Nxf6 13. Ne4 Qa5 14. Qb3 Bb7 15. O-O
Rac8 16. Nc5 Bxc5 17. Rxc5 Qb6 18. Ne5 Rfd8 19. Nc4 Qc7 20. Qxb4 Rd5 21. Rc1 Rxc5
22. Qxc5 Nd7 23. Qd6 Ba6 24. Qa3 Bxc4 25. Rxc4 Nb6 26. Rc1 e5 27. Ba6 Rd8 28.
dxe5 Qxe5 29. Bb7 Qd5 30. g3 Nc4 31. Qxa7 Ne5 32. Qb6 Nf3+ 33. Kg2 Nh4+ 34. Kf1
Qd3+ 35. Ke1 Nf3# 0-1